Central Library OPAC University of Rajshahi

Finnegans wake / (Record no. 63549)

MARC details
000 -LEADER
fixed length control field 00671nam a2200217 a 4500
001 - CONTROL NUMBER
control field 63549
003 - CONTROL NUMBER IDENTIFIER
rucl marc code BD-RJUL
005 - DATE AND TIME OF LATEST TRANSACTION
control field 20240320143352.0
008 - FIXED-LENGTH DATA ELEMENTS--GENERAL INFORMATION
fixed length control field 240320r19641939enk 000 1 eng d
035 ## - SYSTEM CONTROL NUMBER
System control number (BD-RJUL)63549
040 ## - CATALOGING SOURCE
Original cataloging agency CCH
Transcribing agency CCH
Modifying agency m.c
-- BD-RJUL
Language of cataloging eng
041 ## - LANGUAGE CODE
Language code of text/sound track or separate title eng
082 ## - DEWEY DECIMAL CLASSIFICATION NUMBER
Edition number 23
Classification number 823.912
Author mark and year JOF 1964
100 1# - MAIN ENTRY--PERSONAL NAME
Personal name Joyce, James,
Dates associated with a name 1882-1941.
9 (RLIN) 187223
245 10 - TITLE STATEMENT
Title Finnegans wake /
Statement of responsibility, etc. by James Joyce.
260 ## - PUBLICATION, DISTRIBUTION, ETC. (IMPRINT)
Place of publication, distribution, etc. London :
Name of publisher, distributor, etc. Faber & Faber,
Date of publication, distribution, etc. 1939, [reprinted1960,1964]
300 ## - PHYSICAL DESCRIPTION
Pagination 628 p. ;
Size 22 cm.
650 ## - SUBJECT ADDED ENTRY--TOPICAL TERM
Topical term or geographic name as entry element Older men -- Ireland -- Dublin -- Fiction.
9 (RLIN) 188911
Topical term or geographic name as entry element Dreams -- Ireland -- Dublin -- Fiction.
9 (RLIN) 188912
942 ## - ADDED ENTRY ELEMENTS (KOHA)
Source of classification or shelving scheme Dewey Decimal Classification
Koha item type Books
Holdings
Lost status Source of classification or shelving scheme Damaged status Not for loan Collection code Permanent Location Current Location Shelving location Date acquired Source of acquisition Cost, normal purchase price Total Checkouts Full call number Date last seen Copy number Koha item type
  Dewey Decimal Classification   Not For Loan Fiction Central Library, University of Rajshahi Central Library, University of Rajshahi Reading Room 17/03/1964 Nawroge 37.80   823.912 JOF 1964 31/01/2017 C-1 Books
  Dewey Decimal Classification     Fiction Central Library, University of Rajshahi Central Library, University of Rajshahi General Stacks 09/03/1964 Zeitlinger 42.00   823.912 JOF 1960 20/03/2024 C-2 Books